| 000 | 00751nam a2200229Ia 4500 | ||
|---|---|---|---|
| 005 | 20241129105930.0 | ||
| 008 | 241129s9999||||xx |||||||||||||| ||und|| | ||
| 020 | _a978-81-8031-265-6 | ||
| 037 | _aTB | ||
| 040 |
_aARTS _bhin _cARTS |
||
| 041 |
_ahin _2hin |
||
| 084 |
_aO152:g(Y) R2 _qARTS |
||
| 100 | _aबच्चन सिंह, ले. | ||
| 245 | 0 |
_aसाहित्य का समाजशास्त्र _cबच्चन सिंह, ले. |
|
| 250 | _a2 | ||
| 260 |
_aनई दिल्ली, भारत _bलोकी प्रकाशन _c2019 |
||
| 300 | _a100पृ0 | ||
| 365 |
_aINR _b350 |
||
| 650 |
_aHindi LiteraturesOCIology _9726652 |
||
| 942 |
_cTB _hO152:g(Y) R2 |
||
| 999 |
_c1226644 _d1226644 |
||